Синтез устройства адаптивной синхронизации генераторов и частей энергосистем как элемента построения SMART-grid; Интеллектуальные энергосистемы; Т. 1

Xehetasun bibliografikoak
Parent link:Интеллектуальные энергосистемы: труды I Международного молодёжного форума, 21-25 октября 2013 г., г. Томск/ Национальный исследовательский Томский политехнический университет (ТПУ).— , 2013
Т. 1.— 2013.— [с. 118-122]
Egile nagusia: Беляев Н. А.
Erakunde egilea: Национальный исследовательский Томский политехнический университет (ТПУ) Энергетический институт (ЭНИН) Кафедра электрических сетей и электротехники (ЭСиЭ)
Beste egile batzuk: Хрущёв Ю. В. Юрий Васильевич (научный руководитель)
Gaia:Заглавие с титульного экрана
Hizkuntza:errusiera
Argitaratua: 2013
Saila:Релейная защита и автоматика электроэнергетических систем
Gaiak:
Sarrera elektronikoa:http://www.lib.tpu.ru/fulltext/c/2013/C43/V1/030.pdf
Formatua: Baliabide elektronikoa Liburu kapitulua
KOHA link:https://koha.lib.tpu.ru/cgi-bin/koha/opac-detail.pl?biblionumber=603534

MARC

LEADER 00000naa2a2200000 4500
001 603534
005 20260209165311.0
035 |a (RuTPU)RU\TPU\conf\729 
035 |a RU\TPU\conf\727 
090 |a 603534 
100 |a 20140123d2013 k y0rusy50 ca 
101 0 |a rus 
102 |a RU 
135 |a drnn ---uucaa 
181 0 |a i  
182 0 |a b 
200 1 |a Синтез устройства адаптивной синхронизации генераторов и частей энергосистем как элемента построения SMART-grid  |f Н. А. Беляев, Ю. В. Хрущёв  |g науч. рук. Ю. В. Хрущёв 
203 |a Текст  |c электронный 
225 1 |a Релейная защита и автоматика электроэнергетических систем 
300 |a Заглавие с титульного экрана 
320 |a [Библиогр.: с. 122 (3 назв.)] 
337 |a Adobe Reader 
461 1 |0 (RuTPU)RU\TPU\conf\68  |t Интеллектуальные энергосистемы  |o труды I Международного молодёжного форума, 21-25 октября 2013 г., г. Томск  |o в 2 т.  |f Национальный исследовательский Томский политехнический университет (ТПУ)  |d 2013 
463 1 |0 (RuTPU)RU\TPU\conf\69  |t Т. 1  |v [с. 118-122]  |d 2013 
610 1 |a труды учёных ТПУ 
610 1 |a электронный ресурс 
610 1 |a адаптивная синхронизация 
610 1 |a SMART-grid 
610 1 |a генераторы 
610 1 |a энергосистемы 
700 1 |a Беляев  |b Н. А. 
701 1 |a Хрущёв  |b Ю. В.  |c специалист в области электроэнергетики  |c профессор Томского политехнического университета, доктор технических наук  |f 1942-  |g Юрий Васильевич  |3 (RuTPU)RU\TPU\pers\26724 
702 1 |a Хрущёв  |b Ю. В.  |c специалист в области электроэнергетики  |c профессор Томского политехнического университета, доктор технических наук  |f 1942-  |g Юрий Васильевич  |4 727 
712 0 2 |a Национальный исследовательский Томский политехнический университет (ТПУ)  |b Энергетический институт (ЭНИН)  |b Кафедра электрических сетей и электротехники (ЭСиЭ)  |3 (RuTPU)RU\TPU\col\18677 
801 2 |a RU  |b 63413507  |c 20141017  |g RCR 
856 4 |u http://www.lib.tpu.ru/fulltext/c/2013/C43/V1/030.pdf 
942 |c CF